Title Stretchers and Shrinkers : (Record no. 179840)

000 -LEADER
fixed length control field 00707 a2200169 4500
003 - CONTROL NUMBER IDENTIFIER
control field Nust
005 - DATE AND TIME OF LATEST TRANSACTION
control field 20230620140810.0
040 ## - CATALOGING SOURCE
Transcribing agency Nust
082 ## - DEWEY DECIMAL CLASSIFICATION NUMBER
Classification number 510,BRA
100 ## - MAIN ENTRY--PERSONAL NAME
Personal name Braunfeld G, Peter
9 (RLIN) 113173
245 ## - TITLE STATEMENT
Title Title Stretchers and Shrinkers :
Remainder of title Book 1,2,3 Advanced Topics in Stretching and Shrinking /
Statement of responsibility, etc. Peter G. braunfeld
260 ## - PUBLICATION, DISTRIBUTION, ETC.
Place of publication, distribution, etc. California
Name of publisher, distributor, etc. State Series
Date of publication, distribution, etc. 1970:
300 ## - PHYSICAL DESCRIPTION
Extent 160:p
505 ## - FORMATTED CONTENTS NOTE
Formatted contents note Percent (Page-1), Fraction Machines (Page-22), Multiplying by a Fraction (Page-61), Dividing by a Fraction (Page-87), Adding and Subtracting fractions (Page-108), Mixed Numbers (Page-137), Percent Revisited (Page-155).
650 ## - SUBJECT ADDED ENTRY--TOPICAL TERM
Topical term or geographic name entry element Title Stretchers and Shrinkers
9 (RLIN) 113174
942 ## - ADDED ENTRY ELEMENTS (KOHA)
Source of classification or shelving scheme
Koha item type Book Bank
Holdings
Withdrawn status Lost status Source of classification or shelving scheme Damaged status Not for loan Permanent Location Current Location Shelving location Date acquired Full call number Barcode Date last seen Price effective from Koha item type Public note
          Military College of Signals (MCS) Military College of Signals (MCS) General Stacks 12/12/2016 510,BRA MCS22541 12/08/2016 12/12/2016 Book Almirah No.82, Shelf No.1
          Military College of Signals (MCS) Military College of Signals (MCS) General Stacks 12/12/2016 510,BRA MCS22542 12/08/2016 12/12/2016 Book Almirah No.82, Shelf No.1
          Military College of Signals (MCS) Military College of Signals (MCS) General Stacks 12/12/2016 510,BRA MCS7570 12/08/2016 12/12/2016 Book Almirah No.82, Shelf No.1
© 2023 Central Library, National University of Sciences and Technology. All Rights Reserved.